| 000 | 00487nam a2200181Ia 4500 | ||
|---|---|---|---|
| 001 | 20050 | ||
| 005 | 20260306172737.0 | ||
| 008 | 260306t2014||||xx |||||||||||||| ||spa|| | ||
| 041 | _aESP | ||
| 082 |
_a342.211 _bD69 |
||
| 100 |
_aDíaz Muñoz, Óscar _eAUT |
||
| 245 | 0 |
_aEl derecho fundamental de libertad religiosa: _bjurisprudencia y doctrina constitucional |
|
| 260 | _c2014 | ||
| 300 |
_a501 páginas : _c24 cm. |
||
| 650 | _aGEN | ||
| 654 | _aCDE | ||
| 942 |
_cLIB _dJUS _fJUS _2ddc _n |
||
| 999 |
_c20050 _d20050 |
||